000 00531cam a2200181 a 4500
001 000004339
005 20200929151427.0
008 830624s1964 nyua 000 0 eng
010 _a64012089
040 _aDO-SdBNP
_bspa
_cBNPHU
082 _a813.3
_bM531t
100 1 _aMelville, Herman,
_d1819-1891.
_912803
245 1 0 _aTypee.
260 _aNew York, :
_bBantam Books,
_c[1964].
300 _axxi, 294, [2] p. :
_bilus. ;
_c18 cm.
650 4 _aNovela estadounidense
_9262
650 4 _aLiteratura estadounidense
_ySIGLO XIX
_912793
999 _c4148
_d4148